The tradition and the contemporary of multiculturalism in Warmia and Masuria

Titel: The tradition and the contemporary of multiculturalism in Warmia and Masuria / Izabela Lewandowska
Verfasser:
In: Dilemmas of regional policy in the European Union, (2007), Seite 95-102
alle Artikel anzeigen
Veröffentlicht: 2007
Umfang: 1 Tabelle
Format: Aufsatz
Sprache: Englisch
Schlagworte:
Kein Bild verfügbar
X
alg: 43231516
001A    $03025:06-06-18 
001B    $01999:11-10-21 $t11:14:13.000 
001D    $03025:06-06-18 
001U    $0utf8 
001X    $00 
002@    $0Aou 
002C    $aText $btxt $2rdacontent 
002D    $aohne Hilfsmittel zu benutzen $bn $2rdamedia 
002E    $aBand $bnc $2rdacarrier 
003@    $0432315160 
007A    $0432315160 $aHEB 
010@    $aeng 
010E    $erda 
011@    $a2007 
021A    $aThe @tradition and the contemporary of multiculturalism in Warmia and Masuria $hIzabela Lewandowska 
028A    $BVerfasser $#Levandovska, Izabella $#Lewandowska, Izabela Beata $4aut $7170351122 $8Lewandowska, Izabela$Z1968- [Tp3] $9294578846 
031A    $h95-102 $j2007 
034M    $a1 Tabelle 
039B    $aEnthalten in $8--AFu--. Regions in the process of European integration ; 2. Dilemmas of regional policy in the European Union. - Łódź {[u.a.] : University of Łódź {[u.a.], 2007. - 171 S.. - Ill., graph. Darst., Kt.. - ISBN 978-83-7126-231-9 $x200700000000000905 $9205697992 
044K    $RWoiwodschaft Allenstein $RWoiwodschaft Ermland-Masuren $#Warmia $#Warmien $#Ermeland $#Varmė $#Wārmi $74015327-7 $8Ermland [Tg1] $9085034932 
044K    $#Mazury $74037914-0 $8Masuren [Tg1] $9085103527 
044K    $RGesellschaft $#Multiculturalism $#Cultural pluralism $#Multiculturalisme $#Multiculturalismo $#Multiculturalismo Política gubernamental $#Multikulturelle Gesellschaft $#multikulturelle Gesellschaft $#Interkulturalität Gesellschaft $#Interkulturelle Gesellschaft $#Kulturpluralismus $#Kulturelle Vielfalt $#Kulturelle Diversität $#Multikulturalismus $#Multiethnische Gesellschaft $#Multi-racial society $#Rassenpluralismus $#Transkulturelle Gesellschaft $#Multikulti $#Multikulturalität Gesellschaft $74214151-5 $8Multikulturelle Gesellschaft [Ts1] $9086103172 
044K    $RMinderheit $RBedrohtes Volk $REthnische Gruppe $#Minorities $#Minorités $#Minderheit $#Ethnische Minorität $#Ethnisch-kulturelle Minderheit $#Ethnische Minderheit $#Nationale Minderheiten $74039409-8 $8Nationale Minderheit [Ts1] $908510745X 
045R    $aGeschichte 1200-2002 

lok: 43231516 78

exp: 43231516 78 1 #EPN
201B/01 $006-06-18 $t15:57:24.000 
201C/01 $006-06-18 
201U/01 $0utf8 
203@/01 $01023071886 
208@/01 $a06-06-18 $be 
209A/01 $a/ $f000 $x00 
209A/01 $ab*p $x01 
220C/01 $apgar 
244Z/01 $#Generalgouvernement Polen $#Polska $#Rzeczpospolita Polska $#Polska Rzeczpospolita Ludowa $#Poland $#Pologne $#République Polonaise $#Generalne Gubernatorstwo w Polsce $#Polish People's Republic $#Polska Rzeczpospolita Polen $#PRL $#RP $#Polen Generalgouvernement $#Polska Generalgouvernement $#Besetzte Polnische Gebiete $#Besetztes Gebiet in Polen $#Okupowane Polskie Obszary $#Obszary Okupowane w Polsce $#Volksrepublik Polen $#Polska Rosyjska $#Republic Polen $#Respublika Pol'ša $#Pol'skaja Narodnaja Respublika $#République de Pologne $#Polen Links der Weichsel $#Polska po Lewej Stronie Wisły $#Lenkija $#Polija $#Gubernija Carstva Pol'skago $#Republik Polen $74046496-9 $8--Tg1--Polen $x01 $9085129801 
244Z/01 $#Preußen $#Preußen $#Brandenburg-Preußen $#Königreich Preußen $#Preußische Staaten $#Preußischer Staat $#Der @Preußische Staat $#Königlich Preußische Staaten $#Prusy Królewskie $#Königlich Preußen $#Prussia $74047194-9 $8--Tg1--Preußen $x02 $9085131652 
247C/01 $82080>Marburg/Lahn, Herder-Institut, Forschungsbibliothek, Bibliographieportal $9336309341
LEADER 00000caa a2200000 c 4500
001 432315160
003 DE-603
005 20211011111413.0
007 tu
008 180606s2007 xx |||| | u00||u|eng c
035 |a (DE-599)HEB432315160 
040 |a DE-603  |b ger  |c DE-603  |d DE-603  |e rda 
041 |a eng 
100 1 |a Lewandowska, Izabela  |d 1968-  |e Verfasser  |4 aut  |0 (DE-603)294578846  |0 (DE-588)170351122  |2 gnd 
245 0 0 |a ˜Theœ tradition and the contemporary of multiculturalism in Warmia and Masuria  |c Izabela Lewandowska 
264 0 |c 2007 
300 |b 1 Tabelle 
336 |a Text  |b txt  |2 rdacontent 
337 |a ohne Hilfsmittel zu benutzen  |b n  |2 rdamedia 
338 |a Band  |b nc  |2 rdacarrier 
648 7 |a Geschichte 1200-2002  |2 gnd 
650 7 |a Multikulturelle Gesellschaft  |0 (DE-588)4214151-5  |0 (DE-603)086103172  |2 gnd 
650 7 |a Nationale Minderheit  |0 (DE-588)4039409-8  |0 (DE-603)08510745X  |2 gnd 
651 7 |a Ermland  |0 (DE-588)4015327-7  |0 (DE-603)085034932  |2 gnd 
651 7 |a Masuren  |0 (DE-588)4037914-0  |0 (DE-603)085103527  |2 gnd 
773 0 8 |i Enthalten in  |t Dilemmas of regional policy in the European Union  |d Łódź ˜[u.a.] œ: University of Łódź ˜[u.a.], œ2007  |h 171 S., Ill., graph. Darst., Kt.  |z 9788371262319  |z 9788386762378  |g (2007), Seite 95-102  |w (DE-603)205697992 
924 0 |9 2080  |a (DE-603)1023071886  |b DE-2080  |c HES  |d d  |g /